| 000 | 00654nam a2200217 a 4500 | ||
|---|---|---|---|
| 005 | 20210219153036.0 | ||
| 008 | 991125n 000 0 spa u | ||
| 035 | _aUPN01000074323 | ||
| 100 | 1 | _aHederich Martínez, Christian | |
| 222 |
_aEDUCACION Y CULTURA : _bREVISTA DEL CENTRO DE ESTUDIOS DE INVESTIGACION DOCENTES DE LA FEDERACION COLOMBIANA DE EDUCADORES |
||
| 245 | _aEducación y diferencias cognitivas | ||
| 300 | _a50-55 | ||
| 362 | 0 | _a1993 No. 30, jul. | |
| 653 | 0 | _aAPRENDIZAJE | |
| 653 | 0 | _aCOLOMBIA | |
| 653 | 0 | _aENSEÑANZA | |
| 700 | 1 | _aCamargo Uribe, Angela, | |
| 700 | 1 | _ecoaut. | |
| 904 |
_aAC _b012134 |
||
| 905 | _aArticulo | ||
| 999 |
_c66877 _d66877 |
||